Surnom des Equipes de Bundesliga - Statistiques

Statistiques générales
  • Ce quiz a été pris 12 fois
  • Le résultat moyen est 2 sur 18
Statistiques - réponses
Équipes Surnom % Correct
Borussia Dortmund Schwarz-Gelben/BVB
70%
Bayern München Bayern/Roten
50%
RB Leipzig Red Bull/RB Leipzig
30%
Heidenheim FCH/Heidenheim
10%
Borussia Mönchengladbach Fohlen
10%
VfL Wolfsburg Wölfe
10%
Eintracht Frankfurt Adler/Schlappekicker/SGE
0%
SC Freiburg Breisgau-Brasilianer
0%
Union Berlin Eiserne/Eisern Union
0%
Sankt Pauli Freibeuter
0%
Augsburg Fuggerstädter
0%
VfL Bochum Graue Maus
0%
TSG Hoffenheim Hoffe/Hoppenheim
0%
Mainz Nullfünfer/Karnevalsverein
0%
Bayer Leverkusen Pillendreher/VizeKusen
0%
VfB Suttgart Roten/Schwaben
0%
Holstein Kiel Störche
0%
Werder Bremen Werderaner
0%
Aucun quiz correspondant
Distribution des résultats
% des personnes avec chaque résultat
Percentile par nombre de réponses
Votre historique - résultats
Vous n’avez pas pris ce quiz